Loading...
Fine Arts - Classical Music | 0 | 2 | 0 | 0 | 20 | 104 | 120.50 | 0 | 1 |
Literature - World Literature | 0 | 2 | 0 | 0 | 20 | 31 | 38.50 | 2 | 2 |
Mythology | 0 | 2 | 0 | 0 | 20 | 134 | 138.50 | 0 | 1 |
Literature - American Literature | 0 | 1 | 0 | 0 | 10 | 145 | 145.00 | 0 | 0 |
Science - Other Science | 0 | 1 | 0 | 1 | 10 | 127 | 127.00 | 0 | 0 |
Literature - British Literature | 0 | 1 | 0 | 0 | 10 | 112 | 112.00 | 0 | 1 |
Religion | 0 | 1 | 0 | 1 | 10 | 146 | 146.00 | 0 | 0 |
Fine Arts - Painting and Sculpture | 0 | 1 | 0 | 0 | 10 | 125 | 125.00 | 0 | 0 |
Literature - European Literature | 0 | 1 | 1 | 0 | 5 | 119 | 119.00 | 0 | 1 |
Social Science | 0 | 0 | 1 | 0 | -5 | 0.00 | 0 | 0 |